|
|
|
แสดงรายละเอียดบรรณานุกรม |
|
|
Brief Record
: Get Marc (ISO 2709)
: E-mail record
: |
|
|
| LEADER 00000nam 2200000uu 4500 | |||
| 001 13399128821 | |||
| 003 BCNR | |||
| 008 260526s2567||||th 000 0 tha d | |||
| 020 ^a9786164221031 | |||
| 041 ^atha | |||
| 060 4 ^aWA590^bพ272พ 2567 | |||
| 100 0 ^aพรรณี ปานเทวัญ | |||
| 245 00 ^aพยาบาลกับการปรับเปลี่ยนพฤติกรรมสุขภาพ :^bแนวคิด ทฤษฎี สู่การปฏิบัติ = Nurses and health behavior modification : concepts, theories, and applications /^cพรรณี ปานเทวัญ, อภิญญา อินทรรัตน์ และ องค์อร ประจันเขตต์ | |||
| 246 31 ^aNurses and health behavior modification : concepts, theories, and applications | |||
| 250 ^aพิมพ์ครั้งที่ 2 | |||
| 260 ^aกรุงเทพฯ :^bวิทยาลัยพยาบาลกองทัพบก,^c2567 | |||
| 300 ^a256 หน้า :^bภาพประกอบ, ตาราง ;^c26 ซม. | |||
| 505 0 ^aส่วนที่ 1 พฤติกรรมและพฤติกรรมสุขภาพ -- บทที่ 1 แนวคิดเกี่ยวกับพฤติกรรมและพฤติกรรมสุขภาพ -- ส่วนที่ 2 ทฤษฎีพฤติกรรมสุขภาพในระดับบุคคลและการประยุกต์ใช้ -- บทที่ 2 แบบแผนความเชื่อด้านสุขภาพ -- บทที่ 3 ทฤษฎีขั้นตอนการเปลี่ยนแปลงพฤติกรรม -- บทที่ 4 ทฤษฎีพฤติกรรมตามแผน -- บทที่ 5 ทฤษฎีแรงจูงใจเพื่อป้องกันโรค -- ส่วนที่ 3 ทฤษฎีพฤติกรรมสุขภาพในระดับระหว่างบุคคลและการประยุกต์ใช้ -- บทที่ 6 ทฤษฎีปัญญาสังคม -- บทที่ 7 แนวคิดเครือข่ายทางสังคมและการสนับสนุนทางสังคม -- ส่วนที่ 4 ทฤษฎีพฤติกรรมสุขภาพในระดับองค์กร/ชุมชน และการประยุกต์ใช้ -- บทที่ 8 แบบจำลองเชิงนิเวศวิทยา -- บทที่ 9 ความรอบรู้ด้านสุขภาพ -- บทที่ 10 การวัดพฤติกรรมสุขภาพ | |||
| 650 4 ^aการดูแลสุขภาพ | |||
| 650 4 ^aความรอบรู้ด้านสุขภาพ | |||
| 650 4 ^aพฤติกรรมสุขภาพ | |||
| 700 0 ^aอภิญญา อินทรรัตน์ | |||
| 700 0 ^aองค์อร ประจันเขตต์ | |||
| 710 2 ^aวิทยาลัยพยาบาลกองทัพบก | |||
| 999 ^aบรรณารักษ์ | |||
| คุณยังไม่ได้ล็อกอิน คุณสามารถมีกิจกรรมร่วมกับเว็บไซต์ได้ แต่ต้องล็อกอินก่อน :: |
|
| สถานะ | |||||||||
| 1. | หนังสือ | WA590 พ272พ 2567 c.1 Barcode: 088042 | ►หนังสือทั่วไป | On Shelf | |||||
| 2. | หนังสือ | WA590 พ272พ 2567 c.2 Barcode: 088043 | ►หนังสือทั่วไป | On Shelf | |||||
| 3. | หนังสือ | WA590 พ272พ 2567 c.3 Barcode: 088044 | ►หนังสือทั่วไป | On Shelf | |||||
| 4. | หนังสือ | WA590 พ272พ 2567 c.4 Barcode: 088045 | ►หนังสือทั่วไป | On Shelf | |||||
| 5. | หนังสือ | WA590 พ272พ 2567 c.5 Barcode: 088046 | ►หนังสือทั่วไป | On Shelf | |||||
| [แสดง 5/5 รายการ] | |||||||||
BibComment |
| คอมเมนท์ทรัพยากรรายการนี้ |
|
|